[Event "XV C.to Europeo femminile"]
[Site "Plovdiv BUL"]
[Date "2014.07.10"]
[Round "5"]
[White "Brunello, Marina"]
[Black "Mammadzada, Gunay Vuqar Qizi"]
[WhiteElo "2321"]
[BlackElo "2182"]
[Result "0-1"]
[PlyCount "80"]
[EventDate "2014.07.06"]

1. e4 c5 2. Nf3 d6 3. d4 cxd4 4. Nxd4 Nf6 5. Nc3 a6 6. Be2 e5 7. Nb3 Be7 8. O-O
O-O 9. Kh1 Nc6 10. f4 b5 11. Be3 Bb7 12. a4 exf4 13. Rxf4 Ne5 14. Qd4 Nc6 15.
Qb6 Qc8 16. Na5 Nxa5 17. Qxa5 Qe6 18. Qb6 Rab8 19. Qd4 g5 20. Rf5 h6 21. Raf1
Nxe4 22. Bd3 Nc5 23. Nd5 Bxd5 24. Rxd5 Nxd3 25. cxd3 f5 26. axb5 Rxb5 27. Rxb5
axb5 28. Re1 Bf6 29. Qb4 Qd5 30. Bg1 f4 31. Qd2 f3 32. Re4 fxg2+ 33. Kxg2 Re8
34. Qe2 Rxe4 35. dxe4 Qb3 36. Qh5 Qxb2+ 37. Bf2 Kg7 38. Qe8 Qe5 39. Qd7+ Kg6
40. Qb7 h5 0-1

[Event "XV C.to Europeo femminile"]
[Site "Plovdiv BUL"]
[Date "2014.07.10"]
[Round "5"]
[White "De Rosa, Mariagrazia"]
[Black "Socko, Monika"]
[WhiteElo "2081"]
[BlackElo "2462"]
[Result "0-1"]
[PlyCount "106"]
[EventDate "2014.07.06"]

1. e4 e6 2. d4 d5 3. Nc3 Bb4 4. exd5 exd5 5. Bd3 Nc6 6. a3 Bxc3+ 7. bxc3 Be6 8.
Rb1 b6 9. Qf3 Qd7 10. Ne2 Nge7 11. Nf4 Bg4 12. Qg3 O-O-O 13. O-O h5 14. h3 g5
15. Ba6+ Kb8 16. Nd3 Bf5 17. Nc5 Qd6 18. Bxg5 Rdg8 19. Qxd6 cxd6 20. Bf4 Kc7
21. Nd3 Bxh3 22. Ne1 Be6 23. Kh2 Rg4 24. Be3 Nf5 25. Be2 Re4 26. Bd3 Nxe3 27.
fxe3 Rxe3 28. Rf6 Kd7 29. Nf3 Ke7 30. Rf4 Rg8 31. Rf1 Na5 32. Nh4 Reg3 33.
Rxf7+ Bxf7 34. Nf5+ Kd7 35. Nxg3 Be6 36. Bb5+ Ke7 37. Nf5+ Bxf5 38. Rxf5 Rc8
39. Rxh5 Rxc3 40. Rh7+ Ke6 41. Bd3 Nc4 42. Rh6+ Ke7 43. Rh7+ Kf6 44. Rh6+ Kg5
45. Rg6+ Kf4 46. g4 Nxa3 47. Bf5 Nxc2 48. Rxd6 Ne3 49. Bd7 Kg5 50. Be6 Kh4 51.
Bxd5 Rc2+ 52. Kg1 Kg3 53. Rc6 Re2 0-1

[Event "XV C.to Europeo femminile"]
[Site "Plovdiv BUL"]
[Date "2014.07.10"]
[Round "5"]
[White "Peptan, Corina-Isabela"]
[Black "Sedina, Elena"]
[WhiteElo "2453"]
[BlackElo "2288"]
[Result "1/2-1/2"]
[PlyCount "233"]
[EventDate "2014.07.06"]

1. c4 Nf6 2. Nc3 e5 3. e3 Bb4 4. Nge2 O-O 5. a3 Be7 6. Ng3 Re8 7. Be2 c6 8. d4
exd4 9. Qxd4 d5 10. cxd5 cxd5 11. O-O Nc6 12. Qa4 Be6 13. Rd1 Qb6 14. b4 Rac8
15. Bb5 Red8 16. Bxc6 bxc6 17. Qc2 a5 18. Rb1 axb4 19. axb4 Qa7 20. Nce2 c5 21.
bxc5 Bxc5 22. Qd3 Qe7 23. Bb2 Bg4 24. h3 Bxe2 25. Qxe2 Qe6 26. Rd3 Bd6 27. Bxf6
Qxf6 28. Nf1 Qe6 29. Rbd1 Be7 30. Qd2 Rc5 31. Ng3 g6 32. Ne2 Bg5 33. Nd4 Qc8
34. Nb3 Rb5 35. Qe2 Qb7 36. Nd2 Bf6 37. Qf3 Bg7 38. Nf1 h5 39. h4 Qc6 40. g3
Rc5 41. Nd2 Rc1 42. Kh2 Rxd1 43. Qxd1 Rb8 44. Nb3 Rb5 45. Nd4 Bxd4 46. Rxd4 Qb7
47. Qf3 Kg7 48. Kg2 Qc6 49. Qf4 Rc5 50. e4 Qe6 51. Qg5 Qf6 52. Rxd5 Qxg5 53.
hxg5 Rc3 54. Rd8 Ra3 55. Re8 Rb3 56. f4 Rb5 57. Kh3 Ra5 58. g4 hxg4+ 59. Kxg4
Ra4 60. e5 Rb4 61. Rd8 Ra4 62. Kf3 Ra1 63. Rd6 Rf1+ 64. Ke4 Re1+ 65. Kd5 Rf1
66. Rf6 Rd1+ 67. Kc5 Rd2 68. Ra6 Kf8 69. Rf6 Kg7 70. Rd6 Rc2+ 71. Kb5 Rf2 72.
Rd4 Rc2 73. Rc4 Rd2 74. Kc5 Kf8 75. Rd4 Ra2 76. Kc6 Ra6+ 77. Kc7 Ra7+ 78. Kb6
Ra1 79. Rd8+ Ke7 80. Rd6 Ra4 81. Rf6 Rc4 82. Kb5 Re4 83. Kc5 Re1 84. Kd5 Rd1+
85. Ke4 Re1+ 86. Kf3 Ke8 87. Ra6 Kf8 88. Ra8+ Kg7 89. Re8 Rf1+ 90. Kg3 Rg1+ 91.
Kf2 Ra1 92. e6 fxe6 93. Re7+ Kf8 94. Rxe6 Kf7 95. Rf6+ Kg7 96. Rd6 Ra3 97. Rd7+
Kf8 98. Ke2 Rb3 99. Rd3 Rb4 100. Ke3 Ke7 101. Ra3 Kf7 102. Ra7+ Kf8 103. Rd7
Ra4 104. Rd4 Ra1 105. Ke4 Re1+ 106. Kd5 Kf7 107. Kd6 Ra1 108. Rc4 Rd1+ 109. Ke5
Re1+ 110. Kd5 Rd1+ 111. Ke4 Re1+ 112. Kd5 Rd1+ 113. Rd4 Re1 114. Kc6 Rc1+ 115.
Kd7 Ra1 116. Rd6 Ra4 117. Rf6+ 1/2-1/2

[Event "XV C.to Europeo femminile"]
[Site "Plovdiv BUL"]
[Date "2014.07.11"]
[Round "6"]
[White "Charochkina, Daria"]
[Black "De Rosa, Mariagrazia"]
[WhiteElo "2375"]
[BlackElo "2081"]
[Result "1-0"]
[PlyCount "59"]
[EventDate "2014.07.06"]

1. c4 Nf6 2. Nc3 g6 3. Nf3 Bg7 4. g3 O-O 5. Bg2 d6 6. O-O e5 7. d4 Nc6 8. e3 a6
9. h3 Rb8 10. a4 exd4 11. exd4 Na5 12. b3 c5 13. dxc5 Nh5 14. Bg5 Qe8 15. Rc1
dxc5 16. Re1 Be6 17. Nd5 Qd7 18. g4 Bxd5 19. cxd5 Nf6 20. Rxc5 b6 21. Ne5 Qd6
22. Rc1 Rfd8 23. Nc6 Nxc6 24. Rxc6 Qxc6 25. dxc6 Rxd1 26. Rxd1 Ne8 27. c7 Nxc7
28. Bf4 Rc8 29. Rc1 g5 30. Rxc7 1-0

[Event "XV C.to Europeo femminile"]
[Site "Plovdiv BUL"]
[Date "2014.07.11"]
[Round "6"]
[White "Isgandarova, Khayala Ilqar Qizi"]
[Black "Brunello, Marina"]
[WhiteElo "2184"]
[BlackElo "2321"]
[Result "0-1"]
[PlyCount "79"]
[EventDate "2014.07.06"]

1. c4 c6 2. Nf3 Nf6 3. b3 d5 4. Bb2 Bf5 5. d3 e6 6. Nbd2 h6 7. g3 Nbd7 8. Bg2
Bc5 9. O-O O-O 10. Nh4 Bh7 11. e4 dxe4 12. dxe4 Qc7 13. Qe2 e5 14. Kh1 Rfe8 15.
f4 Rad8 16. Rad1 Qb6 17. f5 Qa5 18. a3 Bd4 19. Bc1 Qc3 20. b4 Qc2 21. c5 b6 22.
cxb6 Nxb6 23. Bf3 c5 24. bxc5 Bxc5 25. Ng2 Rd4 26. Ne3 Qa4 27. Bb2 Rdd8 28.
Nec4 Bd4 29. Nxb6 axb6 30. Nb1 Bxb2 31. Qxb2 Rxd1 32. Rxd1 Nxe4 33. g4 Ng5 34.
Qg2 Kh8 35. Re1 Nxf3 36. Qxf3 f6 37. Nd2 Bg8 38. g5 Qh4 39. Rg1 Rd8 40. gxf6
0-1

[Event "XV C.to Europeo femminile"]
[Site "Plovdiv BUL"]
[Date "2014.07.11"]
[Round "6"]
[White "Sedina, Elena"]
[Black "Savina, Anastasia"]
[WhiteElo "2288"]
[BlackElo "2383"]
[Result "1/2-1/2"]
[PlyCount "81"]
[EventDate "2014.07.06"]

1. e4 d6 2. d4 Nf6 3. Nc3 e5 4. Nf3 Nbd7 5. Bc4 Be7 6. O-O O-O 7. a4 exd4 8.
Nxd4 Re8 9. Re1 Bf8 10. Bg5 c6 11. a5 Re5 12. Bxf6 Nxf6 13. a6 Qc7 14. axb7
Bxb7 15. Ba6 g6 16. Nf3 Ree8 17. Bxb7 Qxb7 18. Qd2 Bg7 19. Rab1 Rad8 20. b4 a6
21. h3 Nd7 22. Qd3 Nb6 23. Ne2 d5 24. exd5 cxd5 25. b5 Nc4 26. bxa6 Qxa6 27.
Ned4 h6 28. Nb3 Qa2 29. Rbc1 Qa8 30. Rxe8+ Rxe8 31. Re1 Rxe1+ 32. Nxe1 Nd6 33.
Nf3 Ne4 34. Nfd2 Nc3 35. g3 Qe8 36. Kg2 Qe1 37. Nf3 Qb1 38. Nbd4 Qa1 39. Ne2
Nxe2 40. Qxe2 Qa4 41. Qd3 1/2-1/2

[Event "XV C.to Europeo femminile"]
[Site "Plovdiv BUL"]
[Date "2014.07.11"]
[Round "6"]
[White "Zimina, Olga"]
[Black "Topel, Zehra"]
[WhiteElo "2351"]
[BlackElo "2170"]
[Result "1-0"]
[PlyCount "135"]
[EventDate "2014.07.06"]

1. Nf3 Nf6 2. c4 g6 3. Nc3 Bg7 4. e4 d6 5. d4 O-O 6. Be2 e5 7. Be3 Ng4 8. Bg5
f6 9. Bh4 g5 10. Bg3 Nh6 11. dxe5 dxe5 12. Qxd8 Rxd8 13. Nd5 Na6 14. h4 g4 15.
Nh2 Be6 16. O-O-O c6 17. Ne3 Nc5 18. f3 gxf3 19. gxf3 f5 20. Rhg1 Kf7 21. exf5
Nxf5 22. Nxf5 Bxf5 23. Ng4 e4 24. fxe4 Nxe4 25. Bf4 Bd4 26. Nh6+ Ke6 27. Rgf1
Ng3 28. Rfe1 Kf6 29. Bg5+ Kg6 30. Nxf5 Kxf5 31. Bxd8 Rxd8 32. Bd3+ Kg4 33. Bxh7
Kxh4 34. Kc2 Rd7 35. Be4 c5 36. Bd5 Rg7 37. Re8 Nf5 38. Rde1 b6 39. Rg8 Rxg8
40. Bxg8 Ne3+ 41. Kd3 Ng2 42. Re7 a5 43. b3 Kg3 44. Rb7 Nf4+ 45. Kd2 Kf2 46.
Rxb6 Be3+ 47. Kd1 Ne2 48. Rf6+ Bf4 49. Kc2 Ke3 50. Re6+ Kf3 51. Ra6 Bc7 52.
Bd5+ Ke3 53. Re6+ Kf2 54. Re7 Bd8 55. Rd7 Bh4 56. Rf7+ Kg1 57. Ra7 Nd4+ 58. Kd1
Bd8 59. Rd7 Bb6 60. Rf7 Bd8 61. Be4 Bh4 62. Rc7 Kf2 63. Rxc5 Ke3 64. Bh7 Bg3
65. Rxa5 Ne2 66. Ra8 Nc3+ 67. Kc2 Be5 68. Re8 1-0

[Event "XV C.to Europeo femminile"]
[Site "Plovdiv BUL"]
[Date "2014.07.12"]
[Round "7"]
[White "Brunello, Marina"]
[Black "Dordzhieva, Dinara"]
[WhiteElo "2321"]
[BlackElo "2225"]
[Result "1/2-1/2"]
[PlyCount "157"]
[EventDate "2014.07.06"]

1. e4 c5 2. Nf3 d6 3. d4 cxd4 4. Nxd4 Nf6 5. Nc3 a6 6. Be2 g6 7. O-O Bg7 8. Bg5
Nc6 9. Nb3 O-O 10. Re1 b5 11. Bf1 h6 12. Bd2 Be6 13. Bf4 d5 14. Nc5 Bg4 15. Be2
Bxe2 16. Qxe2 d4 17. Nb1 e5 18. Bg3 Qd6 19. Nd3 Nd7 20. Nd2 Nc5 21. Rac1 Rac8
22. Nb3 Na4 23. f4 exf4 24. Bxf4 Qe7 25. e5 Nb6 26. Qf2 Nd5 27. Nxd4 Nxf4 28.
Nxc6 Nh3+ 29. gxh3 Rxc6 30. Re2 h5 31. Rce1 Qe6 32. Qg2 Rfc8 33. Nf4 Qc4 34.
Nd5 Re6 35. Kh1 Qxa2 36. Nf4 Rb6 37. e6 fxe6 38. Qxg6 Rf8 39. Rxe6 Rxe6 40.
Nxe6 Qd5+ 41. Kg1 Rf7 42. b4 Qd2 43. Qe4 Qf2+ 44. Kh1 Qf3+ 45. Qxf3 Rxf3 46.
Rg1 Rf7 47. Rg5 Re7 48. Nxg7 Rxg7 49. h4 Kf8 50. Rxh5 Rg4 51. c3 Rc4 52. Rc5
Rxh4 53. Kg2 Rh6 54. h3 Rg6+ 55. Kf3 Rf6+ 56. Kg4 Kg7 57. h4 Kg6 58. Rc7 a5 59.
c4 axb4 60. cxb5 Rb6 61. h5+ Kf6 62. Rc6+ Rxc6 63. bxc6 b3 64. c7 b2 65. c8=Q
b1=Q 66. Qf8+ Ke6 67. Kg5 Qg1+ 68. Kh6 Qe3+ 69. Kg6 Qe4+ 70. Kg5 Qe3+ 71. Kg6
Qe4+ 72. Kg7 Qe5+ 73. Kh6 Qf6+ 74. Qxf6+ Kxf6 75. Kh7 Kf7 76. h6 Kf8 77. Kg6
Kg8 78. h7+ Kh8 79. Kh6 1/2-1/2

[Event "XV C.to Europeo femminile"]
[Site "Plovdiv BUL"]
[Date "2014.07.12"]
[Round "7"]
[White "De Rosa, Mariagrazia"]
[Black "Ibrahimova, Sabina Oqtay Qizi"]
[WhiteElo "2081"]
[BlackElo "2218"]
[Result "0-1"]
[PlyCount "146"]
[EventDate "2014.07.06"]

1. e4 c5 2. Nf3 Nc6 3. d4 cxd4 4. Nxd4 g6 5. c4 Bg7 6. Be3 Nf6 7. Nc3 Ng4 8.
Qxg4 Nxd4 9. Qd1 e5 10. Bd3 O-O 11. O-O d6 12. Rc1 Be6 13. Qd2 Rc8 14. b3 a6
15. Bb1 Qa5 16. f4 f5 17. exf5 Bxf5 18. Bxf5 Nxf5 19. Nd5 Qxd2 20. Bxd2 Rce8
21. Rce1 e4 22. Bc3 Nd4 23. Rf2 Rf5 24. Rd2 Rxd5 25. cxd5 Nf3+ 26. gxf3 Bxc3
27. Rde2 Bxe1 28. Rxe1 e3 29. Rc1 Rf8 30. Rc4 g5 31. fxg5 Rxf3 32. Re4 Rf5 33.
h4 Rxd5 34. Rxe3 Kf7 35. Rc3 Re5 36. Kg2 Re7 37. Kg3 d5 38. Rd3 Re5 39. Rd4 Ke6
40. Kf4 Rf5+ 41. Ke3 Ke5 42. Rb4 Rf7 43. Rb6 Rc7 44. Rh6 Re7 45. Kd3 Rg7 46.
Ke3 a5 47. Rb6 Rc7 48. a4 Rc3+ 49. Kd2 Rc7 50. Rb5 Ke4 51. Rxa5 Rf7 52. Rb5 d4
53. Rb6 Rf2+ 54. Ke1 Rf7 55. a5 Kd3 56. Rf6 Rc7 57. b4 Kc2 58. Rf2+ Kc1 59. Rf3
Re7+ 60. Kf2 Kc2 61. Rf5 d3 62. Rc5+ Kb3 63. b5 d2 64. Rd5 Kc2 65. Rc5+ Kd1 66.
a6 Rf7+ 67. Kg3 bxa6 68. bxa6 Rd7 69. a7 Rxa7 70. Rd5 Ra4 71. h5 Ke2 72. Re5+
Kd3 73. Rd5+ Rd4 0-1

[Event "XV C.to Europeo femminile"]
[Site "Plovdiv BUL"]
[Date "2014.07.12"]
[Round "7"]
[White "Guseva, Marina"]
[Black "Sedina, Elena"]
[WhiteElo "2362"]
[BlackElo "2288"]
[Result "1-0"]
[PlyCount "59"]
[EventDate "2014.07.06"]

1. d4 d5 2. c4 c6 3. Nc3 dxc4 4. e3 b5 5. a4 b4 6. Ne4 Qd5 7. Ng3 Nf6 8. Be2 g6
9. Nf3 Bg7 10. Bd2 c5 11. Rc1 Ba6 12. Ne5 cxd4 13. Nxc4 Bxc4 14. Bxc4 Qb7 15.
Bb5+ Nbd7 16. Bc6 Qc8 17. Bxa8 Qxa8 18. Qf3 Qb8 19. exd4 O-O 20. O-O a5 21. Bf4
Qa7 22. Ne2 e6 23. Rc7 Qa6 24. Rfc1 Nb6 25. Bd6 Re8 26. R1c6 h5 27. h4 Rb8 28.
Be5 Rf8 29. Bxf6 Bxf6 30. Qxf6 1-0

[Event "XV C.to Europeo femminile"]
[Site "Plovdiv BUL"]
[Date "2014.07.12"]
[Round "7"]
[White "Olsarova, Tereza"]
[Black "Zimina, Olga"]
[WhiteElo "2251"]
[BlackElo "2351"]
[Result "1-0"]
[PlyCount "105"]
[EventDate "2014.07.06"]

1. e4 e5 2. Nf3 Nc6 3. Bb5 a6 4. Ba4 Nf6 5. O-O b5 6. Bb3 Bc5 7. c3 d6 8. d4
Bb6 9. Be3 O-O 10. Nbd2 h6 11. h3 Re8 12. Re1 Rb8 13. a4 Bd7 14. axb5 axb5 15.
Bc2 exd4 16. cxd4 Nb4 17. Bb1 Ra8 18. Rxa8 Qxa8 19. Qb3 c5 20. e5 dxe5 21. dxc5
Ba5 22. Bxh6 gxh6 23. Nxe5 Qd5 24. Qg3+ Kf8 25. Qf4 Re6 26. Bf5 Ke7 27. Bxe6
Bxe6 28. Ndf3 Qxc5 29. Ra1 Nbd5 30. Qxh6 Bb6 31. Nd4 Nb4 32. Nef3 Nd3 33. Qd2
Bf5 34. Rd1 Be4 35. Qe3 Nxb2 36. Re1 Nc4 37. Qf4 Qd5 38. Ng5 Nd6 39. Nxe4 Ndxe4
40. Nf5+ Kd7 41. Ne3 Qe6 42. Qb8 Qc6 43. Rd1+ Ke6 44. Qf4 Qc5 45. g4 Qe5 46.
Qf3 b4 47. Rc1 Bd4 48. Rc6+ Kd7 49. Rc4 b3 50. Qd1 Ke7 51. Qxd4 Qf4 52. Nf5+
Kf8 53. Rc8+ 1-0

[Event "XV C.to Europeo femminile"]
[Site "Plovdiv BUL"]
[Date "2014.07.14"]
[Round "8"]
[White "Belenkaya, Dina"]
[Black "Brunello, Marina"]
[WhiteElo "2223"]
[BlackElo "2321"]
[Result "1-0"]
[PlyCount "104"]
[EventDate "2014.07.06"]

1. e4 c5 2. Nf3 d6 3. Bb5+ Nd7 4. O-O a6 5. Bxd7+ Bxd7 6. d4 cxd4 7. Qxd4 e5 8.
Qd3 h6 9. Nc3 Rc8 10. Be3 Nf6 11. Nd2 Qc7 12. Rfc1 Be7 13. a4 Be6 14. Nd5 Nxd5
15. exd5 Bd7 16. a5 O-O 17. Bb6 Qb8 18. c4 f5 19. f3 Rce8 20. Re1 Bg5 21. b4 e4
22. fxe4 fxe4 23. Nxe4 Bf5 24. Ra2 Re7 25. Rae2 Qe8 26. Qd4 Qg6 27. Nxg5 Rxe2
28. Rxe2 Qxg5 29. Qe3 Qh5 30. Bd4 Bg4 31. Re1 Rf7 32. Qg3 Be2 33. Qc3 Qg4 34.
h3 Qf5 35. c5 dxc5 36. bxc5 Bb5 37. d6 Qd5 38. Re3 Bc6 39. Rg3 g5 40. Qe3 Qf5
41. h4 Kf8 42. Bc3 Be4 43. Kh2 gxh4 44. Qxh6+ Ke8 45. Rg8+ Kd7 46. Qxh4 Kc6 47.
Rg5 Rh7 48. Rxf5 Rxh4+ 49. Kg3 Rh6 50. Rg5 Rh1 51. Kf4 Bb1 52. Rg7 Kd5 1-0

[Event "XV C.to Europeo femminile"]
[Site "Plovdiv BUL"]
[Date "2014.07.14"]
[Round "8"]
[White "Dragomirescu, Angela"]
[Black "De Rosa, Mariagrazia"]
[WhiteElo "2251"]
[BlackElo "2081"]
[Result "0-1"]
[PlyCount "92"]
[EventDate "2014.07.06"]

1. d4 Nf6 2. c4 g6 3. Nc3 Bg7 4. e4 d6 5. Nf3 O-O 6. Be2 Bg4 7. Ng1 Bxe2 8.
Ngxe2 c5 9. d5 Na6 10. O-O Nc7 11. Nf4 a6 12. a4 b5 13. Qe2 bxc4 14. Qxc4 Nd7
15. Qe2 Rb8 16. Ra3 Ne5 17. Nd1 Qd7 18. Bd2 e6 19. Bc3 exd5 20. Nxd5 Nxd5 21.
exd5 Qc8 22. f4 Ng4 23. f5 Nf6 24. Qf3 c4 25. Bd4 Qb7 26. Ne3 Rbe8 27. Kh1 Ne4
28. Bxg7 Kxg7 29. f6+ Kh8 30. Qf4 Qxb2 31. Nxc4 Qe2 32. Ne3 Qb2 33. Rd3 Qe2 34.
Ra3 Nd2 35. Rc1 Ne4 36. h3 Nf2+ 37. Kh2 Nd3 38. Qh6 Rg8 39. Rcc3 Ne1 40. Kh1
Rxe3 41. Qg5 Qf1+ 42. Kh2 Nf3+ 43. gxf3 Re2+ 44. Kg3 Rg2+ 45. Kf4 Rxg5 46. Kxg5
Qxh3 0-1

[Event "XV C.to Europeo femminile"]
[Site "Plovdiv BUL"]
[Date "2014.07.14"]
[Round "8"]
[White "Sedina, Elena"]
[Black "Pavlidou, Ekaterini"]
[WhiteElo "2288"]
[BlackElo "2209"]
[Result "1-0"]
[PlyCount "53"]
[EventDate "2014.07.06"]

1. e4 c5 2. Nf3 Nc6 3. Bb5 g6 4. O-O Bg7 5. c3 Nf6 6. Re1 O-O 7. h3 d5 8. e5
Ne8 9. d4 cxd4 10. cxd4 Nc7 11. Bxc6 bxc6 12. Be3 Rb8 13. Qc1 Bf5 14. Nbd2 Qd7
15. Nb3 Na6 16. Qd2 Rb5 17. Rec1 f6 18. Bh6 Be4 19. Bxg7 Kxg7 20. Rc3 Rc8 21.
exf6+ exf6 22. Rac1 Nb4 23. Nc5 Qf5 24. g4 Qxf3 25. Rxf3 Bxf3 26. a3 Na2 27.
Ra1 1-0

[Event "XV C.to Europeo femminile"]
[Site "Plovdiv BUL"]
[Date "2014.07.14"]
[Round "8"]
[White "Zimina, Olga"]
[Black "Sargsyan, Shushanna"]
[WhiteElo "2351"]
[BlackElo "2107"]
[Result "1-0"]
[PlyCount "93"]
[EventDate "2014.07.06"]

1. Nf3 d5 2. c4 d4 3. g3 c5 4. b4 cxb4 5. a3 b3 6. d3 Nc6 7. Nbd2 e5 8. Bg2 Nf6
9. O-O Be7 10. Nxb3 O-O 11. Bd2 Ne8 12. Ne1 Be6 13. Nc2 f5 14. Nb4 Rc8 15. Nd5
Bd6 16. f4 Nf6 17. fxe5 Nxe5 18. Nf4 Bf7 19. Bxb7 Rb8 20. Bg2 Re8 21. Kh1 Bc7
22. Nc5 Neg4 23. Na6 Rb2 24. Nxc7 Qxc7 25. Qc1 Rbb8 26. Rb1 Ne3 27. Bxe3 Rxe3
28. Rxb8+ Qxb8 29. Qb1 Qd8 30. Qb7 a5 31. Rb1 g5 32. Nh3 Ng4 33. Bf3 Kg7 34.
Qb6 Qxb6 35. Rxb6 h6 36. Rb2 Ne5 37. Ng1 g4 38. Bb7 Ng6 39. Kg2 f4 40. Kf2 h5
41. Rb5 f3 42. Be4 fxe2 43. Nxe2 Bxc4 44. Rb7+ Kh6 45. Nxd4 Rxd3 46. Bxd3 Bxd3
47. Ra7 1-0

[Event "XV C.to Europeo femminile"]
[Site "Plovdiv BUL"]
[Date "2014.07.15"]
[Round "9"]
[White "De Rosa, Mariagrazia"]
[Black "Ambartsumova, Karina"]
[WhiteElo "2081"]
[BlackElo "2301"]
[Result "0-1"]
[PlyCount "50"]
[EventDate "2014.07.06"]

1. e4 d6 2. d4 Nf6 3. Nc3 Nbd7 4. g4 h6 5. h3 e5 6. Nf3 Be7 7. Bc4 c6 8. Bb3 b5
9. g5 hxg5 10. Nxg5 O-O 11. d5 Bb7 12. dxc6 Bxc6 13. Rg1 Nc5 14. Bd5 Nxd5 15.
exd5 Bd7 16. Qh5 Bf5 17. Be3 b4 18. Nce4 Nxe4 19. Nxe4 Bxe4 20. Rxg7+ Kxg7 21.
Qh6+ Kg8 22. O-O-O Bf6 23. Rg1+ Bg6 24. Bg5 Bxg5+ 25. Rxg5 Qf6 0-1

[Event "XV C.to Europeo femminile"]
[Site "Plovdiv BUL"]
[Date "2014.07.15"]
[Round "9"]
[White "Kazimova, Narmin Nizami Qizi"]
[Black "Zimina, Olga"]
[WhiteElo "2180"]
[BlackElo "2351"]
[Result "1/2-1/2"]
[PlyCount "90"]
[EventDate "2014.07.06"]

1. e4 c5 2. Nc3 Nc6 3. f4 g6 4. Nf3 Bg7 5. Bc4 e6 6. O-O Nge7 7. d3 O-O 8. Qe1
Nd4 9. Nxd4 cxd4 10. Ne2 d5 11. Bb3 a5 12. a4 dxe4 13. dxe4 d3 14. Nc3 Nc6 15.
Be3 dxc2 16. Bxc2 Nb4 17. Qf2 Bd7 18. Rfd1 Qc8 19. Rac1 Bc6 20. Bb1 Rd8 21. f5
exf5 22. exf5 Rxd1+ 23. Rxd1 Qe8 24. Re1 Qd7 25. Rd1 Qe7 26. Bc5 Qg5 27. Rf1
Re8 28. Kh1 Be5 29. fxg6 fxg6 30. Be4 Qh6 31. h3 Qg7 32. Bxc6 Nxc6 33. Qf3 Qd7
34. Ne4 Nd4 35. Nf6+ Bxf6 36. Qxf6 Nf5 37. Qc3 Qd5 38. Bb6 Re2 39. Qf3 Qxf3 40.
Rxf3 Rxb2 41. Bxa5 Ra2 42. Rb3 Rxa4 43. Bc7 Ra1+ 44. Kh2 Ra2 45. Kh1 Ra1+
1/2-1/2

[Event "XV C.to Europeo femminile"]
[Site "Plovdiv BUL"]
[Date "2014.07.15"]
[Round "9"]
[White "Khalafova, Narmin Ilgar Qizi"]
[Black "Brunello, Marina"]
[WhiteElo "2191"]
[BlackElo "2321"]
[Result "0-1"]
[PlyCount "68"]
[EventDate "2014.07.06"]

1. e4 c5 2. Nf3 d6 3. d4 cxd4 4. Nxd4 Nf6 5. Nc3 a6 6. Be3 e5 7. Nb3 Be7 8. h3
Be6 9. Qf3 h5 10. O-O-O Nbd7 11. Qe2 Qc7 12. f4 exf4 13. Bxf4 Ne5 14. Nd5 Nxd5
15. exd5 Bf5 16. Nd4 Bg6 17. Kb1 O-O-O 18. Qe3 Kb8 19. Bg3 Bf6 20. Bf2 Rhe8 21.
Qb3 Ka8 22. Ka1 Nd7 23. c4 h4 24. Nf3 Nc5 25. Qb4 Re4 26. Nd2 Rf4 27. Be3 Rxf1
28. Nxf1 Bh5 29. Rd2 Re8 30. Bf2 Ne4 31. Bb6 Qe7 32. Rc2 Nc5 33. Nh2 Bg6 34.
Rd2 Qe1+ 0-1

[Event "XV C.to Europeo femminile"]
[Site "Plovdiv BUL"]
[Date "2014.07.15"]
[Round "9"]
[White "Sedina, Elena"]
[Black "Gaponenko, Inna"]
[WhiteElo "2288"]
[BlackElo "2380"]
[Result "0-1"]
[PlyCount "106"]
[EventDate "2014.07.06"]

1. e4 d6 2. d4 Nf6 3. Nc3 g6 4. f4 Bg7 5. a3 O-O 6. Nf3 c5 7. dxc5 Qa5 8. b4
Qc7 9. Bd2 dxc5 10. e5 Nh5 11. Nd5 Qd7 12. Be3 Rd8 13. c4 Nc6 14. b5 Nd4 15.
Nxd4 cxd4 16. Qxd4 e6 17. Nf6+ Nxf6 18. exf6 Qxd4 19. Bxd4 Rxd4 20. fxg7 b6 21.
Be2 Rxf4 22. Rf1 Rd4 23. Bf3 Rb8 24. Rc1 Bb7 25. c5 bxc5 26. Rxc5 Bxf3 27. Rxf3
Rb7 28. Rb3 Rbd7 29. Rc2 Ra4 30. Rd2 Rb7 31. Rdb2 Kxg7 32. Kd2 f5 33. b6 axb6
34. Rxb6 Rxb6 35. Rxb6 Rxa3 36. Ke2 Kf6 37. Kf2 g5 38. h3 h5 39. Rb8 g4 40.
hxg4 hxg4 41. g3 Ra2+ 42. Kf1 Rd2 43. Ke1 Rg2 44. Rb3 Ra2 45. Rb5 Rg2 46. Rb3
Ke5 47. Kf1 Rc2 48. Rb5+ Kd4 49. Rb4+ Rc4 50. Rb6 e5 51. Kf2 Ke4 52. Re6 Rc2+
53. Ke1 Rg2 0-1

[Event "XV C.to Europeo femminile"]
[Site "Plovdiv BUL"]
[Date "2014.07.16"]
[Round "10"]
[White "Brunello, Marina"]
[Black "Havlikova, Kristyna"]
[WhiteElo "2321"]
[BlackElo "2229"]
[Result "0-1"]
[PlyCount "112"]
[EventDate "2014.07.06"]

1. e4 c5 2. Nf3 Nc6 3. d4 cxd4 4. Nxd4 g6 5. c4 Nf6 6. Nc3 d6 7. Be2 Nxd4 8.
Qxd4 Bg7 9. Bg5 O-O 10. Qd2 a5 11. Rc1 a4 12. O-O Be6 13. f3 Qa5 14. Be3 Rfc8
15. Nb5 Qxd2 16. Bxd2 Nd7 17. Rc2 Nc5 18. Be3 Bd7 19. Nc3 Bc6 20. Rfc1 Ne6 21.
Bf1 Bd4 22. Kf2 g5 23. g3 Bxe3+ 24. Kxe3 Nc5 25. Bh3 Bd7 26. Bxd7 Nxd7 27. Nd5
Kf8 28. Kd4 e6 29. Nb4 Ke7 30. Nd3 Nc5 31. Nf2 Na6 32. Nd3 Nc5 33. f4 Nxd3 34.
Kxd3 gxf4 35. gxf4 Ra5 36. Kd4 Rh5 37. Rg1 b5 38. b3 axb3 39. axb3 bxc4 40.
bxc4 Rh4 41. Rf1 Ra8 42. f5 e5+ 43. Kd5 Rh3 44. Rd1 Raa3 45. Kc6 Rhd3 46. Rf1
Kf6 47. h4 Rd4 48. Re1 Rh3 49. Kd7 Rxh4 50. Re3 h5 51. Rc1 Rg4 52. Rce1 h4 53.
Kc6 Rxc4+ 54. Kxd6 Rd4+ 55. Kc5 Kg5 56. R1e2 Rg3 0-1

[Event "XV C.to Europeo femminile"]
[Site "Plovdiv BUL"]
[Date "2014.07.16"]
[Round "10"]
[White "Ohme, Melanie"]
[Black "Sedina, Elena"]
[WhiteElo "2352"]
[BlackElo "2288"]
[Result "1/2-1/2"]
[PlyCount "81"]
[EventDate "2014.07.06"]

1. d4 d5 2. Nc3 Nf6 3. Bg5 Nbd7 4. Qd3 c6 5. Nf3 b5 6. a3 e6 7. e4 dxe4 8. Nxe4
Be7 9. Nxf6+ Nxf6 10. Ne5 Bb7 11. O-O-O O-O 12. h4 a5 13. h5 b4 14. a4 Nd5 15.
Bxe7 Qxe7 16. h6 g6 17. Qg3 Rfc8 18. Nd3 Ba6 19. Nc5 Bxf1 20. Rhxf1 Qc7 21. f4
Re8 22. Rde1 Qd8 23. Qf2 Ra7 24. g4 g5 25. fxg5 Qxg5+ 26. Kb1 Qxh6 27. Ne4 f6
28. Nd6 Rf8 29. Rxe6 Qg6 30. g5 Kh8 31. gxf6 b3 32. Qf5 bxc2+ 33. Qxc2 Qg4 34.
Qe4 Qh3 35. Rg1 Qb3 36. Kc1 Nb4 37. Re8 Na2+ 38. Kb1 Nc3+ 39. Kc1 Na2+ 40. Kb1
Nc3+ 41. Kc1 1/2-1/2

[Event "XV C.to Europeo femminile"]
[Site "Plovdiv BUL"]
[Date "2014.07.16"]
[Round "10"]
[White "Sandu, Mihaela"]
[Black "De Rosa, Mariagrazia"]
[WhiteElo "2308"]
[BlackElo "2081"]
[Result "1/2-1/2"]
[PlyCount "158"]
[EventDate "2014.07.06"]

1. e4 c5 2. Nf3 d6 3. d4 cxd4 4. Nxd4 Nf6 5. Nc3 a6 6. Be2 e6 7. O-O Be7 8. f4
Qc7 9. Kh1 O-O 10. a4 b6 11. Bf3 Bb7 12. e5 dxe5 13. fxe5 Nfd7 14. Bxb7 Qxb7
15. Bf4 Nc6 16. Qf3 Rac8 17. Rad1 Nc5 18. Qg4 Rfd8 19. Nxc6 Qxc6 20. Bh6 Bf8
21. Bg5 Rxd1 22. Rxd1 b5 23. axb5 axb5 24. h3 b4 25. Qxb4 Nd3 26. Qd4 Nxb2 27.
Rb1 Qc4 28. Qxc4 Nxc4 29. Bf4 Na3 30. Rb3 Nxc2 31. Ne2 h6 32. h4 h5 33. Rb7 g6
34. g3 Bg7 35. Kg2 Ne1+ 36. Kf2 Nd3+ 37. Kf3 Nxe5+ 38. Kg2 Rc2 39. Kf1 Bf6 40.
Rb8+ Kg7 41. Rb7 Nf3 42. Bd6 Rb2 43. Rxb2 Bxb2 44. Kg2 Ne1+ 45. Kf2 Nc2 46. Nf4
Kf6 47. Kf3 Nd4+ 48. Kg2 Nf5 49. Bc7 Ne3+ 50. Kf3 Nd5 51. Bd8+ Kf5 52. Nh3 f6
53. Nf2 g5 54. hxg5 fxg5 55. g4+ hxg4+ 56. Nxg4 Bd4 57. Nh6+ Kg6 58. Ng4 Bb6
59. Bxb6 Nxb6 60. Ke4 Nd7 61. Ne3 Nf6+ 62. Ke5 Nd5 63. Ng4 Kh5 64. Nf2 Nf4 65.
Ke4 Kh4 66. Kf3 Nh3 67. Nd3 g4+ 68. Kg2 g3 69. Ne5 Nf4+ 70. Kf3 Nh5 71. Kg2 Kg5
72. Kf3 Kf5 73. Ng4 e5 74. Ne3+ Kg5 75. Ke4 Nf6+ 76. Kf3 Nh5 77. Ke4 Kf6 78.
Kf3 Ke6 79. Kg4 Nf6+ 1/2-1/2